00577 2200229 4500001002100000005001700021008004100038035002400079082001100103090001800114100001800132245004300150250001100193260002200204300002500226500002700251650002000278850001500298980001300313985000600326999001500332YOGYA-0209000000358620090227020635.0 ind  0010-020900000003586 a621.57 a621.57bAsi P aASI, Sunggono aPanduan tehnik pendingincAsi Sunggono aCet. 2 aSolobAnekac1995 a135 hlmbilusc21 cm aBibliografi : hlm. 132 aMesin pendingin aYOPDYOG(B) a21-02-06 a1 a96P0082083